[Event "AUT-chT (Women) 2324"]
[Site "Austria"]
[Date "2024.03.22"]
[Round "4.2"]
[White "Novkovic, Julia"]
[Black "Schloffer, Jasmin Denise"]
[Result "1/2-1/2"]
[WhiteElo "2096"]
[BlackElo "2167"]
[PlyCount "119"]
[EventDate "2023.11.24"]
[EventType "team-tourn"]
[EventRounds "9"]
[EventCountry "AUT"]
[SourceTitle "CB16_2024"]
[SourceDate "2024.04.17"]
[SourceVersion "1"]
[SourceVersionDate "2024.04.17"]
[SourceQuality "1"]
[WhiteTeam "Dornbirn (W)"]
[BlackTeam "Mayrhofen/Zillertal (W)"]
[WhiteTeamCountry "AUT"]
[BlackTeamCountry "AUT"]

1. e4 e5 2. Nf3 Nc6 3. Bb5 a6 4. Ba4 Nf6 5. 0-0 b5 6. Bb3 Bc5 7. d3 d6 8. c3 0-0 9. Re1 h6 10. Nbd2 Re8 11. Nf1 Be6 12. Bc2 d5 13. exd5 Bxd5 14. Ne3 Be6 15. a4 Rb8 16. axb5 axb5 17. Nxe5 Nxe5 18. d4 Bd6 19. dxe5 Bxe5 20. Qxd8 Rbxd8 21. Ra5 c6 22. Ra7 c5 23. Rd1 Rxd1+ 24. Bxd1 Rd8 25. g3 b4 26. cxb4 cxb4 27. Bf3 b3 28. Ra8 Rxa8 29. Bxa8 Nd7 30. Kf1 Nc5 31. Ke2 Na4 32. Nd1 Bc4+ 33. Kd2 Kf8 34. Be4 Nc5 35. Bb1 g5 36. Ne3 Be6 37. Bf5 Bxf5 38. Nxf5 Na4 39. Kd3 Bxb2 40. Bxb2 Nxb2+ 41. Kc3 Nd1+ 42. Kxb3 Nxf2 43. Kc4 h5 44. h4 f6 45. Kd4 Kf7 46. Kd5 Ng4 47. Ke4 gxh4 48. gxh4 Ne5 49. Kf4 Ng6+ 50. Kf3 Ne7 51. Nd6+ Ke6 52. Ne8 Kf7 53. Nd6+ Kg6 54. Ke4 Ng8 55. Kf4 Nh6 56. Ke4 Nf7 57. Ne8 Nd8 58. Nd6 Ne6 59. Nf5 Ng7 60. Nd6 1/2-1/2

[Event "AUT-chT (Women) 2324"]
[Site "Austria"]
[Date "2023.11.24"]
[Round "1.2"]
[White "Matnadze, Ana"]
[Black "Novkovic, Julia"]
[Result "1/2-1/2"]
[WhiteElo "2397"]
[BlackElo "2093"]
[PlyCount "150"]
[EventDate "2023.11.24"]
[EventType "team-tourn"]
[EventRounds "9"]
[EventCountry "AUT"]
[SourceTitle "CB48_2023"]
[SourceDate "2023.11.29"]
[SourceVersion "1"]
[SourceVersionDate "2023.11.29"]
[SourceQuality "1"]
[WhiteTeam "Pamhagen (W)"]
[BlackTeam "Dornbirn (W)"]
[WhiteTeamCountry "AUT"]
[BlackTeamCountry "AUT"]

1. b3 e5 2. Bb2 Nc6 3. e3 Nf6 4. Nf3 e4 5. Nd4 Nxd4 6. Bxd4 Be7 7. d3 d5 8. Be2 0-0 9. 0-0 a5 10. a4 Be6 11. Nd2 Re8 12. Ra2 exd3 13. cxd3 c5 14. Ba1 Rc8 15. Rc2 Qb6 16. Qb1 Bf5 17. Qb2 Bf8 18. Rcc1 Qa6 19. e4 dxe4 20. Nxe4 Qb6 21. Nxf6+ Qxf6 22. Qxf6 gxf6 23. Rfe1 Bh6 24. Rcd1 Rc6 25. Bf3 Rxe1+ 26. Rxe1 Rb6 27. d4 Rxb3 28. Bd5 Rb4 29. Bc3 Rxa4 30. dxc5 Be6 31. Bxb7 Rc4 32. Bxa5 Rxc5 33. Ra1 Kg7 34. g3 Rc1+ 35. Rxc1 Bxc1 36. Bc3 Bh3 37. Be4 h5 38. Bd4 Ba3 39. f3 Bd6 40. Kf2 Be5 41. Bc5 f5 42. Bd3 f4 43. Be2 Kg6 44. Bc4 Bc7 45. Bd4 Bd6 46. Bd3+ Kg5 47. Bb6 Kf6 48. Bd8+ Ke5 49. Bc4 Bc5+ 50. Ke2 fxg3 51. hxg3 Be6 52. Bb5 Bd5 53. Bd3 Ba7 54. Bg5 Bc5 55. Bh4 Bb6 56. f4+ Ke6 57. Kf1 Be3 58. Bg5 Bd4 59. Be2 f6 60. Bh6 h4 61. gxh4 Kf5 62. h5 Be3 63. Bg7 Bxf4 64. h6 Kg6 65. Bd3+ Kf7 66. Bf5 Kg8 67. Ke2 Bg5 68. Kd3 Bf3 69. Kd4 Kf7 70. Kc5 Bf4 71. Kd4 Kg8 72. Bg6 Bg5 73. Bc2 Kf7 74. Bb3+ Kg6 75. Bc2+ Kf7 1/2-1/2

[Event "AUT-chT2W 2223"]
[Site "Austria"]
[Date "2023.04.21"]
[Round "9.3"]
[White "Novkovic, Julia"]
[Black "Juergens, Klaus"]
[Result "1/2-1/2"]
[WhiteElo "2063"]
[BlackElo "2145"]
[PlyCount "127"]
[EventDate "2022.09.23"]
[EventType "team-tourn"]
[EventRounds "11"]
[EventCountry "AUT"]
[SourceTitle "EXT 2024"]
[Source "ChessBase"]
[SourceDate "2023.10.10"]
[SourceVersion "1"]
[SourceVersionDate "2023.10.10"]
[SourceQuality "1"]
[WhiteTeam "Dornbirn"]
[BlackTeam "Salzburg ASK"]
[WhiteTeamCountry "AUT"]
[BlackTeamCountry "AUT"]

1. e4 c5 2. Nf3 Nc6 3. Bb5 e6 4. 0-0 Nge7 5. d4 cxd4 6. Nxd4 Qb6 7. Nxc6 Nxc6 8. Bxc6 Qxc6 9. Qd4 b6 10. c4 Bb7 11. Nc3 f6 12. Qd3 Bb4 13. f3 0-0 14. Be3 Bxc3 15. Qxc3 Rfd8 16. Rfd1 Rac8 17. Rac1 Qa4 18. Qb3 Qxb3 19. axb3 d5 20. exd5 exd5 21. Ra1 dxc4 22. Rxd8+ Rxd8 23. bxc4 Ra8 24. Rd1 Bc6 25. b4 Rc8 26. Ra1 Rc7 27. Ra6 Rb7 28. c5 Bb5 29. cxb6 Bxa6 30. bxa7 Rxa7 31. Bxa7 Kf7 32. Kf2 Ke6 33. Ke3 f5 34. Bd4 g6 35. Kf4 Bf1 36. g3 Be2 37. Ke3 Bf1 38. Bg7 Kd5 39. Bf8 Bb5 40. Kf4 Ke6 41. Bg7 Bf1 42. Bc3 Bb5 43. Kg5 Kf7 44. Kh6 Kg8 45. h4 Be2 46. f4 Bd3 47. Bd4 Be2 48. Bc5 Bd3 49. Be7 Be2 50. Bd6 Bd3 51. h5 gxh5 52. Kxh5 Kf7 53. Kh6 Ke6 54. Bc5 Be2 55. Kxh7 Kd5 56. Kg6 Bg4 57. Kf6 Kc4 58. Ke5 Kb5 59. Kd4 Bh3 60. Kc3 Bg4 61. Bf2 Bh3 62. Be1 Bg4 63. Kd3 Bh3 64. g4 1/2-1/2

[Event "AUT-chT (Women) 2223"]
[Site "Austria"]
[Date "2022.10.23"]
[Round "4.1"]
[White "Novkovic, Julia"]
[Black "Gueci, Tea"]
[Result "1/2-1/2"]
[WhiteElo "2071"]
[BlackElo "2261"]
[PlyCount "37"]
[EventDate "2022.10.21"]
[EventType "team-tourn"]
[EventRounds "9"]
[EventCountry "AUT"]
[SourceTitle "EXT 2024"]
[Source "ChessBase"]
[SourceDate "2023.10.10"]
[SourceVersion "1"]
[SourceVersionDate "2023.10.10"]
[SourceQuality "1"]
[WhiteTeam "Dornbirn (W)"]
[BlackTeam "Schach ohne Grenzen (W)"]
[WhiteTeamCountry "AUT"]
[BlackTeamCountry "AUT"]

1. e4 e5 2. Nf3 Nc6 3. d4 exd4 4. Nxd4 Nf6 5. Nc3 Bb4 6. Nxc6 bxc6 7. Bd3 0-0 8. 0-0 Re8 9. Qf3 h6 10. Bf4 Bxc3 11. bxc3 d6 12. h3 Rb8 13. Rad1 Be6 14. Rfe1 Kh8 15. Qe3 Bf5 16. Qf3 Be6 17. Qe3 Bf5 18. Qf3 Be6 19. Qe3 1/2-1/2

[Event "Skalica op-A"]
[Site "Skalica"]
[Date "2022.08.20"]
[Round "1"]
[White "Sahidi, Samir"]
[Black "Novkovic, Julia"]
[Result "1-0"]
[WhiteElo "2477"]
[BlackElo "2077"]
[PlyCount "59"]
[EventDate "2022.08.20"]
[EventType "swiss"]
[EventRounds "9"]
[EventCountry "SVK"]
[SourceTitle "CBM 209 Extra"]
[Source "ChessBase"]
[SourceDate "2022.09.30"]
[SourceVersion "1"]
[SourceVersionDate "2022.09.30"]
[SourceQuality "1"]

1. d4 Nf6 2. c4 g6 3. Nf3 Bg7 4. g3 0-0 5. Bg2 d6 6. Nc3 Nc6 7. 0-0 a6 8. b3 Rb8 9. e4 e5 10. dxe5 Nxe5 11. Nd4 Re8 12. h3 c6 13. Be3 h6 14. Qd2 Kh7 15. Rad1 Qc7 16. f4 Ned7 17. Nde2 Bf8 18. g4 b5 19. cxb5 axb5 20. Ng3 d5 21. e5 Ng8 22. Qc2 b4 23. Nxd5 Qb7 24. Bf2 Nxe5 25. Nb6 Nxg4 26. hxg4 Bxg4 27. Rd2 Ne7 28. Ne4 Bf5 29. Nf6+ Kh8 30. Qd1 1-0

[Event "Bodensee op"]
[Site "Bregenz"]
[Date "2022.05.27"]
[Round "7"]
[White "Dittmar, Peter"]
[Black "Novkovic, Julia"]
[Result "1/2-1/2"]
[WhiteElo "2246"]
[BlackElo "2060"]
[PlyCount "67"]
[EventDate "2022.05.21"]
[EventType "swiss"]
[EventRounds "9"]
[EventCountry "AUT"]
[SourceTitle "CBM 208 Extra"]
[Source "ChessBase"]
[SourceDate "2022.07.31"]
[SourceVersion "1"]
[SourceVersionDate "2022.07.31"]
[SourceQuality "1"]

1. c4 e5 2. g3 Nc6 3. Bg2 g6 4. Nc3 d6 5. Rb1 Be6 6. b4 Qc8 7. b5 Nd8 8. d4 f6 9. d5 Bf5 10. e4 Bd7 11. Nge2 Bh3 12. Bxh3 Qxh3 13. Ng1 Qg2 14. Qf3 Qxf3 15. Nxf3 Bh6 16. h4 Bxc1 17. Rxc1 h5 18. Kd2 b6 19. Ne1 Nb7 20. Nd3 a5 21. f4 Ke7 22. Rhf1 Nh6 23. a4 Raf8 24. Nd1 Rf7 25. Ne3 Rhf8 26. Rf2 Rg8 27. Rcf1 Ke8 28. fxe5 fxe5 29. Rf6 Rxf6 30. Rxf6 Ke7 31. Rf2 Rf8 32. Rxf8 Kxf8 33. Ke2 Ke7 34. Nf1 1/2-1/2

[Event "AUT-chT2W 2122"]
[Site "Austria"]
[Date "2022.02.20"]
[Round "5.1"]
[White "Widner, Stefan"]
[Black "Novkovic, Julia"]
[Result "1-0"]
[WhiteElo "1949"]
[BlackElo "2110"]
[PlyCount "89"]
[EventDate "2021.10.15"]
[EventType "team-tourn"]
[EventRounds "11"]
[EventCountry "AUT"]
[SourceTitle "EXT 2023"]
[Source "ChessBase"]
[SourceDate "2022.10.05"]
[SourceVersion "1"]
[SourceVersionDate "2022.10.05"]
[SourceQuality "1"]
[WhiteTeam "Jenbach II"]
[BlackTeam "Hohenems II"]
[WhiteTeamCountry "AUT"]
[BlackTeamCountry "AUT"]

1. c4 e5 2. g3 Nc6 3. Bg2 g6 4. Nc3 Bg7 5. e3 f5 6. Nge2 e4 7. d3 exd3 8. Qxd3 Ne5 9. Qc2 Ne7 10. b3 N7c6 11. a3 d6 12. Bb2 Be6 13. Nf4 Bf7 14. 0-0-0 Na5 15. Bd5 c6 16. Bxf7+ Kxf7 17. e4 Qf6 18. exf5 gxf5 19. Kb1 h5 20. h4 Rae8 21. Nce2 Nexc4 22. Bxf6 Nxa3+ 23. Kc1 Nxc2 24. Bxg7 Kxg7 25. Kxc2 d5 26. Nd4 Kf6 27. Rhe1 Re4 28. f3 Ree8 29. Nxh5+ Kf7 30. Nf4 Kf6 31. Re6+ Rxe6 32. Ndxe6 Rg8 33. Re1 Rc8 34. Nc5 b6 35. Nd7+ Kf7 36. Re5 d4 37. Rxf5+ Ke7 38. Ne5 c5 39. Rf7+ Kd6 40. Nc4+ Nxc4 41. bxc4 Re8 42. h5 Rh8 43. Rxa7 Kc6 44. Rf7 b5 45. Rf6+ 1-0

[Event "AUT-chT (Women) 2122"]
[Site "Austria"]
[Date "2022.01.22"]
[Round "3.1"]
[White "Frey, Alisa"]
[Black "Novkovic, Julia"]
[Result "0-1"]
[WhiteElo "2036"]
[BlackElo "2072"]
[PlyCount "150"]
[EventDate "2021.11.06"]
[EventType "team-tourn"]
[EventRounds "9"]
[EventCountry "AUT"]
[SourceTitle "EXT 2023"]
[Source "ChessBase"]
[SourceDate "2022.10.05"]
[SourceVersion "1"]
[SourceVersionDate "2022.10.05"]
[SourceQuality "1"]
[WhiteTeam "Lienz (W)"]
[BlackTeam "Dornbirn (W)"]
[WhiteTeamCountry "AUT"]
[BlackTeamCountry "AUT"]

1. e4 e5 2. Nf3 Nc6 3. Bb5 a6 4. Ba4 Nf6 5. 0-0 Be7 6. d3 d6 7. c3 0-0 8. Nbd2 Re8 9. Re1 Bf8 10. Nf1 h6 11. Ng3 g6 12. h3 b5 13. Bc2 Bb7 14. d4 Bg7 15. b3 exd4 16. cxd4 Nb4 17. Bb1 c5 18. Bb2 Nd7 19. Qd2 Qe7 20. Bc3 Nc6 21. d5 Nce5 22. Nxe5 Bxe5 23. Bc2 Qg5 24. Rad1 Qxd2 25. Bxd2 Bxg3 26. fxg3 Kg7 27. Rf1 Ne5 28. Rf4 Rf8 29. Rdf1 f6 30. Ba5 Rf7 31. Bc3 Re8 32. h4 Bc8 33. Bd1 Ree7 34. h5 g5 35. R4f2 Rf8 36. Kh2 Ref7 37. Bxe5 fxe5 38. Rxf7+ Rxf7 39. Rxf7+ Kxf7 40. Kg1 g4 41. Kf2 Kf6 42. Be2 Kg5 43. Bd3 Kxh5 44. Ke3 Kg5 45. Bf1 Bd7 46. Bd3 Kf6 47. Be2 Ke7 48. Bf1 Kd8 49. Kd2 Kc7 50. a3 Kb6 51. Kc3 a5 52. b4 axb4+ 53. axb4 Kc7 54. Be2 Kd8 55. Bf1 Ke7 56. Be2 Kf6 57. Bf1 Kg5 58. bxc5 dxc5 59. Kd2 Kf6 60. Be2 Ke7 61. Kc3 Kd6 62. Bf1 Kc7 63. Be2 Kb6 64. Kb3 Ka5 65. Bd1 Bc8 66. Kc3 h5 67. Kb3 c4+ 68. Kc3 Ba6 69. Be2 b4+ 70. Kc2 Kb6 71. Bd1 Kc5 72. Kb2 Bb5 73. Bc2 Kd4 74. Bb1 Ke3 75. d6 Kd4 0-1

[Event "EU-chT (Women) 23rd"]
[Site "Terme Catez"]
[Date "2021.11.21"]
[Round "9.1"]
[White "Novkovic, Julia"]
[Black "Cramling, Pia"]
[Result "0-1"]
[WhiteElo "2082"]
[BlackElo "2457"]
[PlyCount "80"]
[EventDate "2021.11.12"]
[EventType "team-swiss"]
[EventRounds "9"]
[EventCountry "SLO"]
[SourceTitle "CBM 205"]
[Source "ChessBase"]
[SourceDate "2021.12.31"]
[SourceVersion "1"]
[SourceVersionDate "2021.12.31"]
[SourceQuality "1"]
[WhiteTeam "Austria (W)"]
[BlackTeam "Sweden (W)"]
[WhiteTeamCountry "AUT"]
[BlackTeamCountry "SWE"]

1. e4 c5 2. Nf3 Nc6 3. Bb5 Nf6 4. e5 Nd5 5. 0-0 g6 6. Bxc6 bxc6 7. c4 Nc7 8. d4 cxd4 9. Qxd4 Bg7 10. Qh4 h6 11. Nc3 Ne6 12. Re1 Rb8 13. b3 d6 14. Bb2 0-0 15. Rad1 Qc7 16. Na4 d5 17. cxd5 cxd5 18. Rxd5 g5 19. Qc4 Qxc4 20. bxc4 Rb4 21. Ra5 Bd7 22. Nc5 Nxc5 23. Ba3 Ra4 24. Rxa4 Nxa4 25. Bxe7 Rc8 26. Rc1 Nc5 27. Rd1 Be6 28. h3 Bxc4 29. h4 g4 30. Nd2 Be6 31. f4 Na4 32. Nf1 Nc3 33. Rd2 Nd5 34. f5 Nxe7 35. fxe6 fxe6 36. Rd7 Nf5 37. Rxa7 Bxe5 38. Ra5 Bd4+ 39. Kh2 Rc1 40. Ra8+ Kf7 0-1

[Event "EU-chT (Women) 23rd"]
[Site "Terme Catez"]
[Date "2021.11.15"]
[Round "4.15"]
[White "Novkovic, Julia"]
[Black "Hrescak, Ivana"]
[Result "0-1"]
[WhiteElo "2082"]
[BlackElo "2138"]
[PlyCount "76"]
[EventDate "2021.11.12"]
[EventType "team-swiss"]
[EventRounds "9"]
[EventCountry "SLO"]
[SourceTitle "CBM 205"]
[Source "ChessBase"]
[SourceDate "2021.12.31"]
[SourceVersion "1"]
[SourceVersionDate "2021.12.31"]
[SourceQuality "1"]
[WhiteTeam "Austria (W)"]
[BlackTeam "Slovenia (W) II"]
[WhiteTeamCountry "AUT"]
[BlackTeamCountry "SLO"]

1. e4 c5 2. Nf3 d6 3. Bb5+ Nd7 4. 0-0 a6 5. Bd3 g6 6. c3 Bg7 7. Bc2 b6 8. d4 Bb7 9. Re1 Qc7 10. Nbd2 e6 11. dxc5 Qxc5 12. Nb3 Qc7 13. Nbd4 Ne7 14. Ng5 Bf6 15. Ngxe6 fxe6 16. Nxe6 Qc6 17. Bf4 Nc5 18. Nd4 Qd7 19. Nf5 gxf5 20. Qh5+ Kd8 21. Rad1 d5 22. Qf7 Qe6 23. Qh5 fxe4 24. f3 Ng6 25. Bg3 Be5 26. f4 Nxf4 27. Bxf4 Bxf4 28. Qh4+ Qe7 29. Qxf4 Rf8 30. Qg4 Nd7 31. Bxe4 dxe4 32. Rxd7+ Qxd7 33. Rd1 Bd5 34. Qg5+ Kc7 35. Rxd5 Qf7 36. Qg3+ Kb7 37. Rd1 Rad8 38. Re1 Rd2 0-1

[Event "Innsbruck op 5th"]
[Site "Innsbruck"]
[Date "2021.08.25"]
[Round "6"]
[White "Prueske, Wolfgang"]
[Black "Novkovic, Julia"]
[Result "1/2-1/2"]
[WhiteElo "2004"]
[BlackElo "2165"]
[PlyCount "94"]
[EventDate "2021.08.21"]
[EventType "swiss"]
[EventRounds "9"]
[EventCountry "AUT"]
[SourceTitle "CBM 204 Extra"]
[Source "ChessBase"]
[SourceDate "2021.11.30"]
[SourceVersion "1"]
[SourceVersionDate "2021.11.30"]
[SourceQuality "1"]

1. Nf3 d5 2. g3 Nf6 3. Bg2 c6 4. b3 Bf5 5. Bb2 h6 6. 0-0 e6 7. d3 Be7 8. Nbd2 0-0 9. Re1 a5 10. a3 Bh7 11. e4 Bc5 12. Qe2 Na6 13. c4 dxe4 14. Nxe4 Nxe4 15. dxe4 Qe7 16. Ne5 Rfd8 17. Nd3 Bd4 18. Red1 e5 19. Kh1 Nc7 20. b4 Bg6 21. h3 f6 22. Nf4 exf4 23. Bxd4 axb4 24. axb4 Rxa1 25. Bxa1 Rxd1+ 26. Qxd1 Bxe4 27. f3 Bc2 28. Qd2 fxg3 29. Bc3 Bf5 30. Qf4 Be6 31. Bf1 Ne8 32. Qxg3 Qd6 33. Qxd6 Nxd6 34. c5 Nc8 35. b5 cxb5 36. Bxb5 Bxh3 37. c6 bxc6 38. Bxc6 Ne7 39. Bb5 Be6 40. Bd3 Kf7 41. Kg2 f5 42. Be5 g5 43. Bd6 Nd5 44. Kf2 h5 45. Bc4 Nf6 46. Bf1 Bd5 47. Ba3 Ke6 1/2-1/2

[Event "Mitropa Cup Online (Women)"]
[Site "Tornelo INT"]
[Date "2021.05.06"]
[Round "3.1"]
[White "Novkovic, Julia"]
[Black "Terbe, Julianna"]
[Result "0-1"]
[WhiteElo "2170"]
[BlackElo "2267"]
[PlyCount "78"]
[EventDate "2021.05.04"]
[EventType "team-tourn"]
[EventRounds "9"]
[EventCountry "SUI"]
[SourceTitle "CBM 202 Extra"]
[Source "ChessBase"]
[SourceDate "2021.07.31"]
[SourceVersion "1"]
[SourceVersionDate "2021.07.31"]
[SourceQuality "1"]
[WhiteTeam "Austria (W)"]
[BlackTeam "Hungary (W)"]
[WhiteTeamCountry "AUT"]
[BlackTeamCountry "HUN"]

1. e4 e5 2. Nf3 Nc6 3. Bb5 a6 4. Ba4 Nf6 5. 0-0 Be7 6. Re1 b5 7. Bb3 d6 8. c3 0-0 9. d3 Na5 10. Bc2 c5 11. Nbd2 Nc6 12. Nf1 Re8 13. h3 h6 14. d4 exd4 15. cxd4 Nd7 16. Ne3 Nb6 17. d5 Nb4 18. Bb1 a5 19. a3 Na6 20. e5 dxe5 21. Nxe5 Bd6 22. Nc6 Qh4 23. Bd2 Nc7 24. Qf3 a4 25. Bf5 Qf4 26. Qxf4 Bxf4 27. Bd3 Bd7 28. g3 Bxe3 29. Rxe3 Nbxd5 30. Rxe8+ Rxe8 31. Na5 Bxh3 32. Rc1 c4 33. Nxc4 bxc4 34. Rxc4 Bd7 35. Rc2 Ne6 36. Bc4 Nd4 37. Rc1 Nb6 38. Be3 Nf3+ 39. Kf1 Nxc4 0-1

[Event "AUT-ch Vor2 Internet"]
[Site "Playchess.com INT"]
[Date "2020.04.13"]
[Round "1"]
[White "Novkovic, Julia"]
[Black "Moerwald, Magdalena"]
[Result "0-1"]
[WhiteElo "2170"]
[BlackElo "1791"]
[PlyCount "94"]
[EventDate "2020.04.13"]
[EventType "swiss (blitz)"]
[EventRounds "9"]
[EventCountry "AUT"]
[SourceTitle "CBM 195 Extra"]
[Source "ChessBase"]
[SourceDate "2020.05.31"]
[SourceVersion "1"]
[SourceVersionDate "2020.05.31"]
[SourceQuality "1"]

1. e4 c6 2. d4 d5 3. exd5 cxd5 4. Bd3 Nc6 5. c3 Nf6 6. Bf4 g6 7. Nd2 Bf5 8. Nb3 e6 9. Nf3 Bd6 10. Bg3 Rc8 11. 0-0 Bxd3 12. Qxd3 Bxg3 13. fxg3 0-0 14. Rae1 Ne4 15. Nbd2 Nxd2 16. Nxd2 Na5 17. Rf3 Nc4 18. b3 Nxd2 19. Qxd2 Qc7 20. Ref1 b5 21. Qh6 e5 22. dxe5 Qxe5 23. Re3 Qg7 24. Qxg7+ Kxg7 25. Rd1 Rfd8 26. Rd4 Rd6 27. Kf2 Ra6 28. Rd2 Rac6 29. Rxd5 Rxc3 30. Rxb5 Rxe3 31. Kxe3 Rc2 32. a4 Rxg2 33. Rb7 Rb2 34. Kd4 a5 35. Kc4 Rxh2 36. Ra7 Rc2+ 37. Kd4 Rd2+ 38. Kc3 Rd5 39. Ra6 h5 40. Kc4 Rg5 41. Rc6 Rf5 42. Rc5 Rxc5+ 43. Kxc5 g5 44. Kd4 h4 45. gxh4 gxh4 46. Ke3 Kf6 47. Ke4 Ke6 0-1

[Event "AUT-ch Vor2 Internet"]
[Site "Playchess.com INT"]
[Date "2020.04.13"]
[Round "2"]
[White "Soelkner, Julian"]
[Black "Novkovic, Julia"]
[Result "1-0"]
[WhiteElo "1484"]
[BlackElo "2170"]
[PlyCount "109"]
[EventDate "2020.04.13"]
[EventType "swiss (blitz)"]
[EventRounds "9"]
[EventCountry "AUT"]
[SourceTitle "CBM 195 Extra"]
[Source "ChessBase"]
[SourceDate "2020.05.31"]
[SourceVersion "1"]
[SourceVersionDate "2020.05.31"]
[SourceQuality "1"]

1. e4 e5 2. Nf3 Nc6 3. Bc4 Nf6 4. d3 Be7 5. Nc3 d6 6. 0-0 Na5 7. Bb3 0-0 8. Be3 a6 9. Qd2 Nxb3 10. axb3 Bg4 11. Qe2 h6 12. h3 Be6 13. Rfe1 c5 14. Nd2 Rc8 15. Nd1 Nh7 16. c4 Bg5 17. Nf3 Bf4 18. Bxf4 exf4 19. Nc3 Qf6 20. Nd5 Qd8 21. Nxf4 Qb6 22. Qc2 Rce8 23. Nd5 Qd8 24. Re2 Ng5 25. Nxg5 hxg5 26. Qd2 g6 27. Rae1 Kg7 28. Re3 Rh8 29. Qc3+ f6 30. Rf3 Bxd5 31. exd5 Rxe1+ 32. Qxe1 Re8 33. Re3 Re5 34. f3 Qb6 35. Rxe5 fxe5 36. Qc3 Qd8 37. Kf2 Qf6 38. Qd2 b6 39. Qe3 Qf5 40. g4 Qf7 41. Qxg5 b5 42. h4 Qf4 43. Qxf4 exf4 44. g5 Kf7 45. Kg2 Ke7 46. Kh3 Kf7 47. Kg4 Kg7 48. Kxf4 Kf7 49. Ke4 Ke7 50. f4 Kf7 51. f5 Kg7 52. fxg6 Kxg6 53. Kf4 Kf7 54. Kf5 Kg7 55. h5 1-0

[Event "AUT-ch Vor1 Internet"]
[Site "Playchess.com INT"]
[Date "2020.04.11"]
[Round "4"]
[White "Novkovic, Julia"]
[Black "Enne, Harald"]
[Result "1-0"]
[WhiteElo "2170"]
[BlackElo "1916"]
[PlyCount "107"]
[EventDate "2020.04.11"]
[EventType "swiss (blitz)"]
[EventRounds "9"]
[EventCountry "AUT"]
[SourceTitle "CBM 195 Extra"]
[Source "ChessBase"]
[SourceDate "2020.05.31"]
[SourceVersion "1"]
[SourceVersionDate "2020.05.31"]
[SourceQuality "1"]

1. e4 c5 2. Nc3 Nc6 3. Nf3 g6 4. d4 cxd4 5. Nxd4 Bg7 6. Be3 e6 7. Qd2 a6 8. Nxc6 bxc6 9. Bd4 e5 10. Bc5 Nf6 11. Qd6 Ng4 12. Qd1 h5 13. h3 Nh6 14. Bc4 Qf6 15. Qe2 Bf8 16. Bxf8 Kxf8 17. 0-0 Kg7 18. f4 exf4 19. e5 Qe7 20. Rxf4 Re8 21. Re4 d5 22. exd6 Qxe4 23. Nxe4 f5 24. d7 Rxe4 25. Qxe4 fxe4 26. d8Q Nf5 27. Qg8+ Kf6 28. Qf7+ Kg5 29. Re1 e3 30. h4+ Kh6 31. Qf8+ Ng7 32. Qf4+ Kh7 33. Qxe3 Bf5 34. c3 Re8 35. Qf2 Rd8 36. Re7 Rd1+ 37. Kh2 Rd6 38. Qe3 Rf6 39. Qe6 Rxe6 40. Bxe6 Bxe6 41. Rc7 Bd5 42. b3 Kg8 43. c4 Be4 44. Ra7 Nf5 45. g3 Nd4 46. Rxa6 Kf7 47. Kg1 Ke6 48. Kf2 Kd6 49. b4 Nf5 50. b5 Ne7 51. a4 Bd3 52. b6 Bxc4 53. b7 Kc7 54. Rb6 1-0

[Event "AUT-ch Vor1 Internet"]
[Site "Playchess.com INT"]
[Date "2020.04.11"]
[Round "6"]
[White "Novkovic, Julia"]
[Black "Schernthaner, David"]
[Result "0-1"]
[WhiteElo "2170"]
[BlackElo "2220"]
[PlyCount "152"]
[EventDate "2020.04.11"]
[EventType "swiss (blitz)"]
[EventRounds "9"]
[EventCountry "AUT"]
[SourceTitle "CBM 195 Extra"]
[Source "ChessBase"]
[SourceDate "2020.05.31"]
[SourceVersion "1"]
[SourceVersionDate "2020.05.31"]
[SourceQuality "1"]

1. e4 e6 2. d4 d5 3. Nd2 c5 4. exd5 Qxd5 5. dxc5 Qxc5 6. Ngf3 Nf6 7. Nb3 Qc7 8. Bg5 Be7 9. Bd3 h6 10. Bh4 0-0 11. Qe2 Nc6 12. c3 b6 13. Bg3 Bd6 14. Bxd6 Qxd6 15. 0-0-0 Qc7 16. Nbd4 Bb7 17. Kb1 Nxd4 18. Nxd4 Nd5 19. Qc2 Rac8 20. Rhe1 a6 21. g3 b5 22. Qe2 b4 23. c4 Nf6 24. b3 Rfd8 25. Bc2 Qc5 26. Nf3 a5 27. Ne5 Qc7 28. f4 a4 29. Rxd8+ Rxd8 30. Rd1 axb3 31. axb3 Rxd1+ 32. Qxd1 Ne4 33. Qd7 Qxd7 34. Nxd7 Nd2+ 35. Kb2 Nf1 36. Nc5 Bc8 37. Nd3 Nxh2 38. Nxb4 Nf1 39. Nc6 Kf8 40. g4 Ne3 41. Be4 Nxg4 42. b4 Nf6 43. Bf3 g5 44. fxg5 hxg5 45. Ne5 Ke7 46. Kc3 Nd7 47. Nc6+ Kd6 48. Nd8 f5 49. Nf7+ Kc7 50. Nxg5 Ne5 51. Kd4 Ng6 52. Kc5 e5 53. Bh5 Nf4 54. Bf3 Nd3+ 55. Kb5 Bd7+ 56. Ka5 e4 57. Be2 Nc1 58. Bf1 e3 59. b5 e2 60. Bxe2 Nxe2 61. c5 Nd4 62. b6+ Kb7 63. Ne4 fxe4 64. Kb4 Kc6 65. Kc4 Ne6 66. Kc3 Nxc5 67. Kd2 Kxb6 68. Ke3 Kc6 69. Kd4 Kd6 70. Ke3 Ke5 71. Ke2 Kd4 72. Kd2 e3+ 73. Ke2 Ke4 74. Kd1 Kd3 75. Ke1 e2 76. Kf2 Kd2 0-1

[Event "AUT-ch Vor1 Internet"]
[Site "Playchess.com INT"]
[Date "2020.04.11"]
[Round "1"]
[White "Novkovic, Julia"]
[Black "Wiedermann, Daniel"]
[Result "1/2-1/2"]
[WhiteElo "2170"]
[BlackElo "2048"]
[PlyCount "146"]
[EventDate "2020.04.11"]
[EventType "swiss (blitz)"]
[EventRounds "9"]
[EventCountry "AUT"]
[SourceTitle "CBM 195 Extra"]
[Source "ChessBase"]
[SourceDate "2020.05.31"]
[SourceVersion "1"]
[SourceVersionDate "2020.05.31"]
[SourceQuality "1"]

1. e4 c6 2. d4 d5 3. exd5 cxd5 4. Bd3 Nc6 5. c3 g6 6. Bf4 Bg7 7. Nd2 Nf6 8. h3 0-0 9. Ne2 Qb6 10. Qb3 Qxb3 11. axb3 Bf5 12. Bxf5 gxf5 13. f3 a6 14. Kf2 e6 15. g4 fxg4 16. hxg4 Ne7 17. Bd6 Rfe8 18. Nf1 Rad8 19. Bg3 Ng6 20. g5 Nd7 21. f4 Ne7 22. Ne3 f6 23. Bh4 Rf8 24. Rag1 Ng6 25. Ke1 Nxh4 26. Rxh4 fxg5 27. Rxg5 Kh8 28. Ng4 Nf6 29. Ne5 Ne4 30. Ng6+ Kg8 31. Nxf8 Nxg5 32. fxg5 Rxf8 33. b4 e5 34. dxe5 Bxe5 35. Kd2 Rf5 36. Rg4 Kf7 37. Rh4 Kg6 38. Rh6+ Kg7 39. Re6 Rxg5 40. Re7+ Kg6 41. Rxb7 h5 42. Rb6+ Kf5 43. Rxa6 Bf6 44. Ra1 h4 45. Rf1+ Kg6 46. Nf4+ Kh6 47. Nh3 Rg2+ 48. Kd1 Be5 49. Nf4 Rxb2 50. Nd3 Rb1+ 51. Ke2 Rxf1 52. Kxf1 Bxc3 53. b5 Bd4 54. Kg2 Kg5 55. Kf3 Kf5 56. Nf4 Ke5 57. Nd3+ Kd6 58. Kg4 Bf6 59. Kh3 Bd8 60. Kg4 d4 61. Kf5 Kd5 62. Kf4 Kc4 63. Nf2 Kxb5 64. Ke4 Kc4 65. Nd3 Kc3 66. Nf4 Bg5 67. Ne2+ Kc4 68. Nxd4 h3 69. Nf3 Bf6 70. Kf5 Bc3 71. Kg4 Kd3 72. Kxh3 Ke3 73. Nh4 Kf4 1/2-1/2